Szczegóły MARC21

Policja na świecie /

003 -Nazwa inst., której nr kontr. jest w polu 001 [,]
    • @
    • Nazwa instytucji, której n kontrolny jest w polu 001
    • NUKAT
005 -DATA I CZAS OSTATNIEJ MODYFIKACJI [,]
    • @
    • pole kontrolne
    • 20241231094159.0
020 -Międzynarod. znormalizowany nr książki - ISBN [ , ]
    • a
    • Numer ISBN
    • 9788378064831 Find
    • z
    • Błędny ISBN (P)
    • 9788376204831 Find
040 -Instytucja sporządzająca opis [ , ]
    • a
    • Instytucja, która sporządziła opis (NP)
    • WR U/PAd
    • c
    • Instytucja, która sporządziła rekord (NP)
    • WR U/ap
    • d
    • Instytucja, która zmodyfikowała rekord (P)
    • WR U/jm
942 -Rodzaj dokumentu [ , ]
    • c
    • Rodzaj dokumentu
    • Książka
100 -Hasło główne - nazwa osobowa [1, ]
    • a
    • Nazwa osobowa (NP)
    • Hołyst, Brunon
    • d
    • Daty biograficzne (NP)
    • (1930- ).
    • 9
    • KHW
    • 10900
245 -Strefa tytułu i oznaczenia odpowiedzialności [1,0]
    • a
    • Tytuł
    • Policja na świecie / Find
    • c
    • Pozostałe elementy strefy tytułu i oznaczenia odpowiedzialności (NP)
    • Brunon Hołyst.
250 -Strefa wydania [ , ]
    • a
    • Oznaczenie wydania (NP)
    • Wyd. 2 zm. i rozsz.
260 -Strefa adresu wydawniczego [ , ]
    • a
    • Miejsce wydania (P)
    • Warszawa :
    • b
    • Nazwa wydawcy (P)
    • LexisNexis Polska,
    • c
    • Data wydania (P)
    • 2013.
300 -Strefa opisu fizycznego [ , ]
    • a
    • Określenie formy książki i/lub objętość (NP)
    • 1320, [3] s. ;
    • c
    • Format (NP)
    • 25 cm.
336 -Typ zawartości [ , ]
    • a
    • Termin opisujący typ zawartości
    • Tekst
    • b
    • Kod określający zawartość
    • txt
    • 2
    • Źródło (terminu i kodu)
    • rdacontent
337 -Typ mediów [ , ]
    • a
    • Tryb odtwarzania
    • Bez urządzenia pośredniczącego
    • b
    • Kod typu mediów
    • n
    • 2
    • Źródło (terminu i kodu)
    • rdamedia
338 -Typ/rodzaj nośnika [ , ]
    • a
    • Hasło opisujące typ nośnika
    • Wolumin
    • b
    • Kod typu nośnika
    • nc
    • 2
    • Źródło (terminu i kodu)
    • rdacarrier
500 -Uwaga ogólna [ , ]
    • a
    • Uwaga ogólna (NP)
    • Na s. red. błędny ISBN.
504 -Uwaga dot. bibliogr. załącznikowej [ , ]
    • a
    • Uwaga dot. bibliografii załącznikowej
    • Bibliogr. przy rozdz.
546 -Uwaga dot. języka [ , ]
    • a
    • Uwaga dot. języka
    • Spis treści również ang.
080 -Uniwersalna Klasyfikacja Dziesiętna [ , ]
    • 2
    • Identyfikator wydania tablic
    • UDC-P058
    • 9
    • UKD
    • 3620
    • a
    • Symbol klasyfikacji
    • 351.74
    • b
    • Dopowiedzenie
    • Policja. Korpus Bezpieczeństwa Wewnętrznego. Gwardia Narodowa. Straż miejska. Policja leśna, rzeczna, portowa, kolejowa itd. Oddziały antyterrorystyczne.
    • 4
    • UKD2
    • 8143
    • x
    • Poddział wspólny
    • (100)
    • c
    • Dopowiedzenie poddz. wspólnego
    • (Aspekt międzynarodowy. Wszystkie kraje. Świat).
    • 4
    • UKD2
    • 7666
    • x
    • Poddział wspólny
    • (091)
    • c
    • Dopowiedzenie poddz. wspólnego
    • (Opracowania historyczne).
080 -Uniwersalna Klasyfikacja Dziesiętna [ , ]
    • 2
    • Identyfikator wydania tablic
    • UDC-P058
    • 9
    • UKD
    • 3622
    • a
    • Symbol klasyfikacji
    • 351.74.076
    • b
    • Dopowiedzenie
    • Obowiązki i uprawnienia policji. Prawo policyjne.
    • 4
    • UKD2
    • 8143
    • x
    • Poddział wspólny
    • (100)
    • c
    • Dopowiedzenie poddz. wspólnego
    • (Aspekt międzynarodowy. Wszystkie kraje. Świat).
080 -Uniwersalna Klasyfikacja Dziesiętna [ , ]
    • 2
    • Identyfikator wydania tablic
    • UDC-P058
    • 9
    • UKD
    • 2774
    • a
    • Symbol klasyfikacji
    • 316.334.22
    • b
    • Dopowiedzenie
    • Socjologia pracy. Socjologia zawodu.
    • 4
    • UKD2
    • 8143
    • x
    • Poddział wspólny
    • (100)
    • c
    • Dopowiedzenie poddz. wspólnego
    • (Aspekt międzynarodowy. Wszystkie kraje. Świat).
    • 4
    • UKD2
    • 8954
    • x
    • Poddział wspólny
    • -057.36
    • c
    • Dopowiedzenie poddz. wspólnego
    • -Wojskowi. Policjanci. Strażacy.
080 -Uniwersalna Klasyfikacja Dziesiętna [ , ]
    • 2
    • Identyfikator wydania tablic
    • UDC-P058
    • 9
    • UKD
    • 2408
    • a
    • Symbol klasyfikacji
    • 159.9-05
    • b
    • Dopowiedzenie
    • Psychologia różnych kategorii osób.
    • 4
    • UKD2
    • 8143
    • x
    • Poddział wspólny
    • (100)
    • c
    • Dopowiedzenie poddz. wspólnego
    • (Aspekt międzynarodowy. Wszystkie kraje. Świat).
    • 4
    • UKD2
    • 8954
    • x
    • Poddział wspólny
    • -057.36
    • c
    • Dopowiedzenie poddz. wspólnego
    • -Wojskowi. Policjanci. Strażacy.
650 -Hasło przedmiotowe [ ,7]
    • a
    • Hasło przedmiotowe
    • Kobiety w policji.
    • 2
    • Źródło terminu
    • kaba
    • 9
    • KHW
    • 114610
650 -Hasło przedmiotowe [ ,7]
    • a
    • Hasło przedmiotowe
    • Policja.
    • 2
    • Źródło terminu
    • kaba
    • 9
    • KHW
    • 124596
650 -Hasło przedmiotowe [ ,7]
    • a
    • Hasło przedmiotowe
    • Policja
    • x
    • Określnik rzeczowy
    • uprawnienia.
    • 2
    • Źródło terminu
    • kaba
    • 9
    • KHW
    • 124595
650 -Hasło przedmiotowe [ ,7]
    • a
    • Hasło przedmiotowe
    • Policja
    • x
    • Określnik rzeczowy
    • współpraca międzynarodowa.
    • 2
    • Źródło terminu
    • kaba
    • 9
    • KHW
    • 380900
650 -Hasło przedmiotowe [ ,7]
    • a
    • Hasło przedmiotowe
    • Policjanci
    • x
    • Określnik rzeczowy
    • psychologia.
    • 2
    • Źródło terminu
    • kaba
    • 9
    • KHW
    • 380901
650 -Hasło przedmiotowe [ ,7]
    • a
    • Hasło przedmiotowe
    • Policjanci
    • x
    • Określnik rzeczowy
    • stres spowodowany pracą.
    • 2
    • Źródło terminu
    • kaba
    • 9
    • KHW
    • 380902
650 -Hasło przedmiotowe [ ,7]
    • a
    • Hasło przedmiotowe
    • Wypalenie zawodowe.
    • 2
    • Źródło terminu
    • kaba
    • 9
    • KHW
    • 143181
980 -Symbol UKD [ , ]
    • a
    • UKD
    • 351.74(091):351.74.076:[316.334.22:159.9-05]-057.36](100)
710 -Hasło dodatkowe - nazwa ciała zbiorowego [2, ]
    • a
    • Nazwa ciała zbiorowego lub nazwa geograficzna jako pierwszy element (NP)
    • Wydawnictwo Prawnicze LexisNexis.
    • 4
    • Kod relacji
    • pbl
    • 9
    • KHW
    • 53472
856 -Dostęp do wersji elektronicznej [4,8]
    • 3
    • Wyszczególnienie materiału
    • Okładka
856 -Dostęp do wersji elektronicznej [4,1]
    • 3
    • Wyszczególnienie materiału
    • Spis treści
920 -ISBN [ , ]
    • a
    • ISBN
    • 978-83-7806-483-1 Find
    • z
    • Błędny ISBN
    • 978-83-7620-483-1 Find
Numer inwentarzowy Data inwentaryzacji Status udost. Lokalizacja
Z.1177232013-11-221BG
WM.150572013-11-22-3BG
WM.150582013-11-22-3BG
H.255532014-03-241BNS